000 00598nam a22001697a 4500
003 NUST
038 _aNusrat Nadeem
082 _a200
100 _aShakil, Tayyaba Irum
_9120215
245 _aEXPLORING THE EXPERIENCES OF TELE-MIGRANTS: DRIVERS TO ADOPT TELE-MIGRATION AND THEIR PERFORMANCE/
_cTayyaba Irum Shakil,
264 _aIslamabad,
_bNBS NUST,
_c2023.
300 _aill:
_b120,p:
_c30,cm.
650 _aMS- Management and Human Resource
_9122991
700 _aSupervisor: Dr. Mumtaz Ali Memon
_9120045
856 _uhttp://10.250.8.41:8080/xmlui/handle/123456789/39173
942 _2ddc
_cSC
999 _c607615
_d607615